[Event "Toronto Closed"]
[Site "Toronto CAN"]
[Date "1997.01.29"]
[Round "5"]
[White "Frilles, Ruperto"]
[Black "Fiedler, Brian"]
[Result "0-1"]
[WhiteElo "2224"]
[BlackElo "2278"]
[PlyCount "110"]
[GameId "2160767911999512"]
[EventDate "1997.01.15"]
[EventType "tourn"]
[EventRounds "11"]
[EventCountry "CAN"]
[SourceTitle "EXT 97"]
[Source "ChessBase"]
[SourceDate "1997.11.17"]
[SourceVersion "1"]
[SourceVersionDate "1997.11.17"]
[SourceQuality "1"]

1. c4 g6 2. Nc3 Bg7 3. g3 c5 4. Bg2 Nc6 5. Nf3 d6 6. d3 e5 7. O-O Nge7 8. Rb1 a6 9. a3 Rb8 10. b4 cxb4 11. axb4 b5 12. cxb5 axb5 13. Bg5 h6 14. Bd2 O-O 15. e4 Be6 16. Be3 f5 17. Bh3 Kh7 18. Nh4 Qd7 19. Ne2 f4 20. Bxe6 Qxe6 21. gxf4 exf4 22. Nxf4 Rxf4 23. Bxf4 g5 24. Ng2 gxf4 25. Nxf4 Qf7 26. Ng2 Nd4 27. f4 Nec6 28. Kh1 Ra8 29. f5 Be5 30. Nf4 Ra2 31. Qg4 Rc2 32. Rbe1 Nxb4 33. Re3 Qg8 34. Qxg8+ Kxg8 35. Rg3+ Kf7 36. f6 Ne6 37. Nxe6 Bxg3 38. Nd8+ Kf8 39. hxg3 Nxd3 40. f7 Rf2 41. Ra1 Nc5 42. Ra7 b4 43. e5 dxe5 44. Rc7 b3 45. Rxc5 b2 46. Rb5 Rf1+ 47. Kg2 b1=Q 48. Rxb1 Rxb1 49. Kf3 Re1 50. Kg4 Rf1 51. Kh3 Rxf7 52. Nxf7 Kxf7 53. Kg4 Kg6 54. Kf3 Kf5 55. Ke3 Kg4 0-1

[Event "Toronto Closed"]
[Site "Toronto CAN"]
[Date "1997.01.29"]
[Round "5"]
[White "Kret, Ted"]
[Black "McGarrett, Ian"]
[Result "0-1"]
[WhiteElo "2294"]
[BlackElo "2303"]
[PlyCount "80"]
[GameId "2160767911999513"]
[EventDate "1997.01.15"]
[EventType "tourn"]
[EventRounds "11"]
[EventCountry "CAN"]
[SourceTitle "EXT 97"]
[Source "ChessBase"]
[SourceDate "1997.11.17"]
[SourceVersion "1"]
[SourceVersionDate "1997.11.17"]
[SourceQuality "1"]

1. d4 Nf6 2. c4 e6 3. Nf3 Bb4+ 4. Nbd2 c5 5. Qc2 Nc6 6. a3 Bxd2+ 7. Bxd2 Nxd4 8. Nxd4 cxd4 9. Rd1 Qc7 10. Qd3 Qe5 11. f3 d5 12. g3 dxc4 13. Qxc4 Bd7 14. Bf4 Qa5+ 15. Kf2 e5 16. b4 Qa4 17. Bxe5 Qxd1 18. Qc5 Rc8 19. Qd6 Rc6 20. Qb8+ Bc8 21. Bg2 Qd2 22. Bf4 Qb2 23. Bd6 Nd7 24. Qa8 Qxa3 25. Rd1 Qe3+ 26. Kf1 Rc2 27. Re1 d3 28. Bh3 Rc1 29. Kg2 Nb6 30. Qb8 Rxe1 31. Bxc8 Rxe2+ 32. Kh3 Qh6+ 33. Kg4 Qg6+ 34. Kh4 Qf6+ 35. Kg4 Qd8 36. Bf5 Qxb8 37. Bxb8 d2 38. Bc2 O-O 39. Bxa7 Nd5 40. Bc5 Rc8 0-1

[Event "Toronto Closed"]
[Site "Toronto CAN"]
[Date "1997.01.29"]
[Round "5"]
[White "Nickoloff, Bryon"]
[Black "Livshits, Ron"]
[Result "1/2-1/2"]
[WhiteElo "2499"]
[BlackElo "2490"]
[PlyCount "41"]
[GameId "2160767911999514"]
[EventDate "1997.01.15"]
[EventType "tourn"]
[EventRounds "11"]
[EventCountry "CAN"]
[SourceTitle "EXT 97"]
[Source "ChessBase"]
[SourceDate "1997.11.17"]
[SourceVersion "1"]
[SourceVersionDate "1997.11.17"]
[SourceQuality "1"]

1. c4 e5 2. Nc3 Nf6 3. Nf3 Nc6 4. e4 d6 5. Be2 Bg4 6. d3 g6 7. O-O Bg7 8. Ng5 Bxe2 9. Nxe2 h6 10. Nh3 g5 11. Kh1 Nh5 12. Ng3 Nf4 13. Nf5 Qf6 14. Nxf4 exf4 15. g3 Ne7 16. Nxe7 Qxe7 17. gxf4 gxf4 18. Bxf4 Bxb2 19. Rb1 Bd4 20. Rxb7 Bb6 21. e5 1/2-1/2

[Event "Toronto Closed"]
[Site "Toronto CAN"]
[Date "1997.01.29"]
[Round "5"]
[White "Veltmann, Martin"]
[Black "Zugic, Igor"]
[Result "0-1"]
[WhiteElo "2241"]
[BlackElo "2286"]
[PlyCount "64"]
[GameId "2160767911999516"]
[EventDate "1997.01.15"]
[EventType "tourn"]
[EventRounds "11"]
[EventCountry "CAN"]
[SourceTitle "EXT 97"]
[Source "ChessBase"]
[SourceDate "1997.11.17"]
[SourceVersion "1"]
[SourceVersionDate "1997.11.17"]
[SourceQuality "1"]

1. c4 Nf6 2. Nc3 e6 3. d4 d5 4. Nf3 Be7 5. Bf4 O-O 6. e3 c6 7. Qc2 Nbd7 8. O-O-O dxc4 9. Bxc4 b5 10. Bd3 Qa5 11. Kb1 Bb7 12. Ne5 Rfd8 13. Ne4 Nd5 14. Ng5 Nxe5 15. Bxh7+ Kf8 16. dxe5 c5 17. a3 b4 18. Nxe6+ fxe6 19. Bh6 Ke8 20. Bxg7 bxa3 21. Bg8 Qb6 22. e4 Nf4 23. Bh7 Qxb2+ 24. Qxb2 axb2 25. g3 Kf7 26. Bh6 Ng6 27. f3 Nxe5 28. h4 Rh8 29. Bf4 Nc6 30. Rd7 Ba6 31. Rhd1 Rxh7 32. Rc7 Rc8 0-1

[Event "Toronto Closed"]
[Site "Toronto CAN"]
[Date "1997.02.01"]
[Round "6"]
[White "Day, Lawrence"]
[Black "Nickoloff, Bryon"]
[Result "0-1"]
[WhiteElo "2510"]
[BlackElo "2499"]
[PlyCount "67"]
[GameId "2160767911999517"]
[EventDate "1997.01.15"]
[EventType "tourn"]
[EventRounds "11"]
[EventCountry "CAN"]
[SourceTitle "EXT 97"]
[Source "ChessBase"]
[SourceDate "1997.11.17"]
[SourceVersion "1"]
[SourceVersionDate "1997.11.17"]
[SourceQuality "1"]

1. e4 e5 2. Nf3 Nc6 3. d4 exd4 4. Nxd4 Nf6 5. Nxc6 bxc6 6. e5 Qe7 7. Qe2 Nd5 8. c4 Ba6 9. g3 O-O-O 10. b3 f6 11. f4 fxe5 12. fxe5 Re8 13. Bb2 Qg5 14. Nd2 Bb4 15. Rc1 Rxe5 16. Bxe5 Re8 17. h4 Bxd2+ 18. Kd1 Ne3+ 19. Kxd2 Nxf1+ 20. Kc2 Ne3+ 21. Kb1 Qxe5 22. Qf3 d5 23. Rhe1 d4 24. Rcd1 Bb7 25. Rd2 c5 26. Qf7 Be4+ 27. Kb2 Bg6 28. Qf3 Nxc4+ 29. bxc4 Qxe1 30. Qa8+ Kd7 31. Qd5+ Ke7 32. Qxc5+ Kf7 33. Rxd4 Rb8+ 34. Ka3 0-1

[Event "Toronto Closed"]
[Site "Toronto CAN"]
[Date "1997.02.01"]
[Round "6"]
[White "Fiedler, Brian"]
[Black "Findlay, Ian"]
[Result "0-1"]
[WhiteElo "2278"]
[BlackElo "2391"]
[PlyCount "61"]
[GameId "2160767911999518"]
[EventDate "1997.01.15"]
[EventType "tourn"]
[EventRounds "11"]
[EventCountry "CAN"]
[SourceTitle "EXT 97"]
[Source "ChessBase"]
[SourceDate "1997.11.17"]
[SourceVersion "1"]
[SourceVersionDate "1997.11.17"]
[SourceQuality "1"]

1. e4 c5 2. Nf3 d6 3. c3 Nf6 4. Bd3 g6 5. O-O Bg7 6. Bc2 Nc6 7. h3 O-O 8. d4 cxd4 9. cxd4 Nb4 10. Nc3 Nxc2 11. Qxc2 b6 12. Qe2 Bb7 13. Rd1 a6 14. e5 Nd5 15. Ne4 Qd7 16. Neg5 f6 17. exf6 exf6 18. Qe6+ Qxe6 19. Nxe6 Rfc8 20. Bd2 Rc2 21. Rab1 Re8 22. Nxg7 Kxg7 23. Rdc1 Rec8 24. Rxc2 Rxc2 25. Kf1 a5 26. Ke1 Nb4 27. Kd1 Be4 28. a3 Nd5 29. Ke1 Kf7 30. Kd1 g5 31. b4 0-1

[Event "Toronto Closed"]
[Site "Toronto CAN"]
[Date "1997.02.01"]
[Round "6"]
[White "Livshits, Ron"]
[Black "Veltmann, Martin"]
[Result "1-0"]
[WhiteElo "2490"]
[BlackElo "2241"]
[PlyCount "61"]
[GameId "2160767911999519"]
[EventDate "1997.01.15"]
[EventType "tourn"]
[EventRounds "11"]
[EventCountry "CAN"]
[SourceTitle "EXT 97"]
[Source "ChessBase"]
[SourceDate "1997.11.17"]
[SourceVersion "1"]
[SourceVersionDate "1997.11.17"]
[SourceQuality "1"]

1. Nf3 Nf6 2. g3 c5 3. Bg2 Nc6 4. O-O g6 5. d3 Bg7 6. e4 d6 7. Nc3 O-O 8. Bg5 Bd7 9. Qd2 Re8 10. Bh6 Bh8 11. h3 Qa5 12. Ng5 Bg7 13. Bxg7 Kxg7 14. f4 Nd4 15. e5 Ng8 16. Qf2 Bc6 17. g4 Bxg2 18. Qxg2 Rad8 19. Nd5 h6 20. Nf3 Nxf3+ 21. Qxf3 e6 22. Ne3 d5 23. f5 exf5 24. gxf5 Rxe5 25. fxg6 fxg6 26. Qf7+ Kh8 27. Ng4 Rg5 28. Kh1 Qd2 29. Rf2 Qa5 30. Nf6 Nxf6 31. Qxf6+ 1-0

[Event "Toronto Closed"]
[Site "Toronto CAN"]
[Date "1997.02.01"]
[Round "6"]
[White "McGarrett, Ian"]
[Black "Ochkoos, Jura"]
[Result "1/2-1/2"]
[WhiteElo "2303"]
[BlackElo "2329"]
[PlyCount "130"]
[GameId "2160767911999520"]
[EventDate "1997.01.15"]
[EventType "tourn"]
[EventRounds "11"]
[EventCountry "CAN"]
[SourceTitle "EXT 97"]
[Source "ChessBase"]
[SourceDate "1997.11.17"]
[SourceVersion "1"]
[SourceVersionDate "1997.11.17"]
[SourceQuality "1"]

1. Nf3 g6 2. e4 Bg7 3. c4 d6 4. Nc3 c6 5. d4 Nf6 6. Be2 O-O 7. h3 e5 8. dxe5 dxe5 9. Qc2 Re8 10. Bg5 Qc7 11. Rd1 a5 12. O-O Na6 13. a3 Nc5 14. b4 axb4 15. axb4 Ne6 16. Be3 Bf8 17. c5 Nh5 18. Bc4 Nef4 19. Ng5 Ne6 20. Na4 Nxg5 21. Bxg5 Nf4 22. Nb6 Rb8 23. Qb3 Ne6 24. Bf6 Bg7 25. Bxg7 Kxg7 26. Qb2 Nf4 27. Kh2 Qe7 28. Rfe1 Qg5 29. Bf1 Be6 30. Rd6 Kg8 31. g3 Nh5 32. Red1 Nf6 33. f3 Nh5 34. Qf2 Qh6 35. Qd2 Qxd2+ 36. R1xd2 Kf8 37. b5 cxb5 38. Bxb5 Re7 39. Bd7 Nf6 40. Bxe6 fxe6 41. g4 g5 42. h4 h6 43. Kg3 Kg7 44. hxg5 hxg5 45. Ra2 Rf8 46. Ra7 Rff7 47. Nc4 Nd7 48. Rxb7 Nxc5 49. Rb5 Nd7 50. Nxe5 Nxe5 51. Rxe5 Kf6 52. Rf5+ Kg6 53. Kf2 Re8 54. Ke3 Ra7 55. e5 Rf7 56. Ke4 Ree7 57. Rc6 Re8 58. f4 gxf4 59. Kxf4 Ree7 60. Rd6 Re8 61. Ke4 Ree7 62. Rb6 Re8 63. Rxf7 Kxf7 64. Rb2 Kg6 65. Kf4 Rf8+ 1/2-1/2

[Event "Toronto Closed"]
[Site "Toronto CAN"]
[Date "1997.02.01"]
[Round "6"]
[White "Williams, Paul"]
[Black "Frilles, Ruperto"]
[Result "1-0"]
[WhiteElo "2229"]
[BlackElo "2224"]
[PlyCount "83"]
[GameId "2160767911999521"]
[EventDate "1997.01.15"]
[EventType "tourn"]
[EventRounds "11"]
[EventCountry "CAN"]
[SourceTitle "EXT 97"]
[Source "ChessBase"]
[SourceDate "1997.11.17"]
[SourceVersion "1"]
[SourceVersionDate "1997.11.17"]
[SourceQuality "1"]

1. e4 g6 2. d4 Bg7 3. Nc3 c6 4. f4 d6 5. Nf3 e6 6. Bd3 Ne7 7. Be3 b5 8. O-O O-O 9. Qe1 f5 10. e5 b4 11. Ne2 Nd5 12. Bf2 a5 13. c4 bxc3 14. bxc3 Na6 15. c4 Ndb4 16. Bb1 dxe5 17. Nxe5 Bxe5 18. fxe5 c5 19. a3 Nc6 20. d5 exd5 21. cxd5 Nxe5 22. Nf4 Re8 23. Ne6 Bxe6 24. dxe6 Ng4 25. Ba2 c4 26. Bxc4 Qc7 27. e7+ Qxc4 28. Rc1 Qf7 29. Bh4 Nf6 30. Qxa5 Ne4 31. Rcd1 Qc4 32. Rd8 Kf7 33. Rfd1 Nc7 34. Qxa8 g5 35. Rxe8 Nxe8 36. Qd5+ Qxd5 37. Rxd5 Kxe7 38. Rxf5 gxh4 39. Re5+ Kf7 40. Rxe4 Nf6 41. Rf4 Kg6 42. Rxf6+ 1-0

[Event "Toronto Closed"]
[Site "Toronto CAN"]
[Date "1997.02.01"]
[Round "6"]
[White "Zugic, Igor"]
[Black "Kret, Ted"]
[Result "1-0"]
[WhiteElo "2286"]
[BlackElo "2204"]
[PlyCount "63"]
[GameId "2160767911999522"]
[EventDate "1997.01.15"]
[EventType "tourn"]
[EventRounds "11"]
[EventCountry "CAN"]
[SourceTitle "EXT 97"]
[Source "ChessBase"]
[SourceDate "1997.11.17"]
[SourceVersion "1"]
[SourceVersionDate "1997.11.17"]
[SourceQuality "1"]

1. d4 Nf6 2. Nf3 g6 3. g3 Bg7 4. Bg2 O-O 5. O-O d6 6. c4 Nbd7 7. Nc3 e5 8. e4 exd4 9. Nxd4 a5 10. h3 Nh5 11. Be3 Ne5 12. b3 Bd7 13. Qc2 f5 14. exf5 gxf5 15. Nde2 f4 16. Nxf4 Nxf4 17. Bxf4 Rxf4 18. gxf4 Ng6 19. Rae1 Nxf4 20. Re3 Kh8 21. Nd5 Nxg2 22. Kxg2 Qh4 23. f4 Bd4 24. Rg3 Re8 25. Qd2 c5 26. Kh2 Re4 27. Qg2 Re8 28. Re1 Rf8 29. Re7 Bf5 30. Qe2 Bxh3 31. Rxh3 Bg1+ 32. Kxg1 1-0

[Event "Toronto Closed"]
[Site "Toronto CAN"]
[Date "1997.02.05"]
[Round "7"]
[White "Frilles, Ruperto"]
[Black "McGarrett, Ian"]
[Result "0-1"]
[WhiteElo "2303"]
[BlackElo "2224"]
[PlyCount "88"]
[GameId "2160767911999523"]
[EventDate "1997.01.15"]
[EventType "tourn"]
[EventRounds "11"]
[EventCountry "CAN"]
[SourceTitle "EXT 97"]
[Source "ChessBase"]
[SourceDate "1997.11.17"]
[SourceVersion "1"]
[SourceVersionDate "1997.11.17"]
[SourceQuality "1"]

1. c4 Nf6 2. Nc3 e6 3. Nf3 c5 4. e4 Nc6 5. Be2 d5 6. cxd5 exd5 7. exd5 Nxd5 8. O-O Nc7 9. d3 Be7 10. Be3 Ne6 11. Rc1 O-O 12. Ne4 b6 13. Ng3 g6 14. Re1 Bf6 15. Qd2 Bb7 16. Ne4 Bg7 17. Bh6 f5 18. Bxg7 fxe4 19. Bxf8 exf3 20. Bxf3 Nxf8 21. b4 Qd6 22. a3 Rd8 23. Qa2+ Kg7 24. bxc5 Qf6 25. cxb6 axb6 26. Bxc6 Bxc6 27. Rxc6 Qxc6 28. Re7+ Kh6 29. Qd2+ g5 30. h4 Rd5 31. hxg5+ Rxg5 32. Re4 Kg6 33. f4 Rb5 34. Qe1 Qc5+ 35. d4 Qxa3 36. Re3 Qd6 37. Qf2 Rd5 38. Qc2+ Kf7 39. Qe4 Rxd4 40. Qe8+ Kg8 41. Rg3+ Kh8 42. Qf7 Ng6 43. f5 Qxg3 44. Qf6+ Kg8 0-1

[Event "Toronto Closed"]
[Site "Toronto CAN"]
[Date "1997.02.05"]
[Round "7"]
[White "Kret, Ted"]
[Black "Livshits, Ron"]
[Result "0-1"]
[WhiteElo "2294"]
[BlackElo "2490"]
[PlyCount "100"]
[GameId "2160767911999524"]
[EventDate "1997.01.15"]
[EventType "tourn"]
[EventRounds "11"]
[EventCountry "CAN"]
[SourceTitle "EXT 97"]
[Source "ChessBase"]
[SourceDate "1997.11.17"]
[SourceVersion "1"]
[SourceVersionDate "1997.11.17"]
[SourceQuality "1"]

1. d4 Nf6 2. c4 g6 3. Nc3 Bg7 4. e4 d6 5. f4 O-O 6. Nf3 c5 7. d5 e6 8. Be2 exd5 9. cxd5 Re8 10. e5 dxe5 11. fxe5 Ng4 12. Bg5 Qb6 13. O-O Nxe5 14. d6 c4+ 15. Kh1 Nd3 16. Bxd3 cxd3 17. Qxd3 Bf5 18. Qd2 Nd7 19. Nd5 Qxb2 20. Qf4 Re4 21. Ne7+ Kf8 22. Qg3 Rg4 23. Qh3 Rxg5 24. Nxf5 Rxf5 25. Rab1 Qxa2 26. Rxb7 Qa6 27. Rfb1 Qxd6 28. Ng5 Nc5 29. Nxf7 Rxf7 30. Rxf7+ Kxf7 31. Qf3+ Bf6 32. Qxa8 a6 33. Rf1 Kg7 34. Re1 Qd4 35. Qa7+ Kh6 36. h3 Qc3 37. Rf1 Ne4 38. Rf3 Qc1+ 39. Qg1 Nf2+ 40. Rxf2 Qxg1+ 41. Kxg1 Bd4 42. Kf1 Bxf2 43. Kxf2 Kg5 44. g3 Kf5 45. Ke3 Ke5 46. Kd3 Kd5 47. h4 h5 48. Ke3 a5 49. Kf4 a4 50. Kg5 a3 0-1

[Event "Toronto Closed"]
[Site "Toronto CAN"]
[Date "1997.02.05"]
[Round "7"]
[White "Ochkoos, Jura"]
[Black "Zugic, Igor"]
[Result "0-1"]
[WhiteElo "2329"]
[BlackElo "2286"]
[PlyCount "74"]
[GameId "2160767911999526"]
[EventDate "1997.01.15"]
[EventType "tourn"]
[EventRounds "11"]
[EventCountry "CAN"]
[SourceTitle "EXT 97"]
[Source "ChessBase"]
[SourceDate "1997.11.17"]
[SourceVersion "1"]
[SourceVersionDate "1997.11.17"]
[SourceQuality "1"]

1. e4 e6 2. d4 d5 3. Nc3 Bb4 4. Nge2 dxe4 5. a3 Be7 6. Nxe4 Nf6 7. N2c3 Nbd7 8. Bd3 a6 9. Be3 b5 10. Qf3 Rb8 11. O-O Bb7 12. Qg3 g6 13. Rad1 O-O 14. Bh6 Re8 15. Qh3 Nxe4 16. Nxe4 f5 17. Nc3 Nb6 18. Rfe1 Bf6 19. Bf1 Qd7 20. Ne2 Nc4 21. Bc1 Rbd8 22. b3 Nd6 23. Nf4 Ne4 24. c4 Bxd4 25. Be3 e5 26. Nd5 Bxd5 27. Bxd4 Bb7 28. Be3 Qxd1 29. Rxd1 Rxd1 30. f3 Nd6 31. cxb5 axb5 32. Qh4 f4 33. Bc5 Nf5 34. Qg5 Kf7 35. Kf2 h6 36. Qg4 Red8 37. Bxb5 R8d2+ 0-1

[Event "Toronto Closed"]
[Site "Toronto CAN"]
[Date "1997.02.05"]
[Round "7"]
[White "Veltmann, Martin"]
[Black "Day, Lawrence"]
[Result "0-1"]
[WhiteElo "2241"]
[BlackElo "2510"]
[PlyCount "84"]
[GameId "2160767911999527"]
[EventDate "1997.01.15"]
[EventType "tourn"]
[EventRounds "11"]
[EventCountry "CAN"]
[SourceTitle "EXT 97"]
[Source "ChessBase"]
[SourceDate "1997.11.17"]
[SourceVersion "1"]
[SourceVersionDate "1997.11.17"]
[SourceQuality "1"]

1. Nf3 Nc6 2. g3 e5 3. d3 f5 4. c4 Nf6 5. Bg2 Be7 6. O-O O-O 7. Nc3 Qe8 8. Bg5 d6 9. Bxf6 Bxf6 10. Nd5 Bd8 11. b4 Be6 12. Nd2 Rb8 13. b5 Ne7 14. Rb1 Nxd5 15. cxd5 Bd7 16. a4 Ra8 17. Nc4 a6 18. Qb3 axb5 19. axb5 b6 20. Nd2 Ra5 21. Rfc1 Rxb5 22. Qd1 Ra5 23. Nc4 Ra8 24. Ra1 Rb8 25. Ra7 Rf6 26. Rca1 Rh6 27. Ra8 Bf6 28. Rxb8 Qxb8 29. Qb3 Qe8 30. Ra7 Bd8 31. Ra8 Kf8 32. Qa3 Kf7 33. Qa7 Ke7 34. Qb8 Rf6 35. Ne3 Rf8 36. Nc2 Qh5 37. Bf3 Qh6 38. e3 f4 39. Bg2 Qh5 40. Ra1 Qe2 41. Nb4 fxe3 42. fxe3 Rf2 0-1

[Event "Toronto Closed"]
[Site "Toronto CAN"]
[Date "1997.02.05"]
[Round "7"]
[White "Williams, Paul"]
[Black "Fiedler, Brian"]
[Result "1-0"]
[WhiteElo "2229"]
[BlackElo "2278"]
[PlyCount "72"]
[GameId "2160767911999528"]
[EventDate "1997.01.15"]
[EventType "tourn"]
[EventRounds "11"]
[EventCountry "CAN"]
[SourceTitle "EXT 97"]
[Source "ChessBase"]
[SourceDate "1997.11.17"]
[SourceVersion "1"]
[SourceVersionDate "1997.11.17"]
[SourceQuality "1"]

1. c4 g6 2. d4 Bg7 3. e4 d6 4. Nc3 Nf6 5. Nf3 O-O 6. Be2 Nbd7 7. Bg5 h6 8. Be3 e5 9. O-O Qe7 10. dxe5 dxe5 11. Nd2 c6 12. a3 Ne8 13. b4 f5 14. f3 f4 15. Bf2 h5 16. c5 g5 17. Nc4 Ndf6 18. b5 g4 19. bxc6 bxc6 20. Na5 Qc7 21. Qa4 Bh6 22. Nxc6 g3 23. hxg3 Qg7 24. Nxe5 fxg3 25. Bd4 Bf4 26. Nd3 Qg5 27. Nxf4 Qxf4 28. Qc4+ Kh7 29. Bxf6 Nxf6 30. e5 Qe3+ 31. Kh1 Ba6 32. Qxa6 Qg5 33. Qd3+ Kh8 34. Qd4 Ng4 35. Rfd1 Qh4+ 36. Kg1 Qh1+ 1-0

[Event "Toronto Closed"]
[Site "Toronto CAN"]
[Date "1997.02.08"]
[Round "8"]
[White "Day, Lawrence"]
[Black "Kret, Ted"]
[Result "1-0"]
[WhiteElo "2510"]
[BlackElo "2294"]
[PlyCount "63"]
[GameId "2160767911999530"]
[EventDate "1997.01.15"]
[EventType "tourn"]
[EventRounds "11"]
[EventCountry "CAN"]
[SourceTitle "EXT 97"]
[Source "ChessBase"]
[SourceDate "1997.11.17"]
[SourceVersion "1"]
[SourceVersionDate "1997.11.17"]
[SourceQuality "1"]

1. e4 e6 2. Qe2 c5 3. f4 Nc6 4. Nf3 d6 5. b3 Nge7 6. Bb2 Bd7 7. Na3 a6 8. Nc4 Ng6 9. g3 b5 10. Ne3 a5 11. h4 a4 12. Rb1 a3 13. Ba1 Be7 14. h5 Nf8 15. h6 Bf6 16. e5 dxe5 17. fxe5 gxh6 18. exf6 Qc7 19. Qg2 Rb8 20. Ng4 Rg8 21. Nge5 Nb4 22. c3 Nxa2 23. d3 Bc6 24. Qxa2 Rxg3 25. Qf2 Rg5 26. c4 Qa5+ 27. b4 a2 28. Rb3 Bxf3 29. bxa5 Bxh1 30. Qxc5 Rxe5+ 31. Bxe5 Ng6 32. Rxb5 1-0

[Event "Toronto Closed"]
[Site "Toronto CAN"]
[Date "1997.02.08"]
[Round "8"]
[White "Findlay, Ian"]
[Black "Veltmann, Martin"]
[Result "1-0"]
[WhiteElo "2391"]
[BlackElo "2241"]
[PlyCount "105"]
[GameId "2160767911999532"]
[EventDate "1997.01.15"]
[EventType "tourn"]
[EventRounds "11"]
[EventCountry "CAN"]
[SourceTitle "EXT 97"]
[Source "ChessBase"]
[SourceDate "1997.11.17"]
[SourceVersion "1"]
[SourceVersionDate "1997.11.17"]
[SourceQuality "1"]

1. e4 e5 2. Nf3 Nc6 3. Bb5 a6 4. Ba4 Nf6 5. O-O b5 6. Bb3 Be7 7. c3 O-O 8. Re1 d6 9. d3 Na5 10. Bc2 c5 11. Nbd2 Bb7 12. Nf1 h6 13. Ng3 Re8 14. h3 Bf8 15. a4 Nc6 16. Bb3 d5 17. Qe2 d4 18. cxd4 cxd4 19. axb5 axb5 20. Rxa8 Qxa8 21. Bd2 Nd7 22. Nh2 Na5 23. Ra1 b4 24. Qh5 Nxb3 25. Rxa8 Rxa8 26. Bxh6 Ra1+ 27. Nhf1 g6 28. Qh4 Bxh6 29. Qxh6 Ba6 30. Kh2 Bxd3 31. Nd2 Nbc5 32. h4 Ne6 33. h5 Nf6 34. f3 Nxh5 35. Nxh5 gxh5 36. Qxh5 Rd1 37. Qh6 Nf4 38. Qg5+ Ng6 39. Qh6 Rc1 40. Kg3 Rc2 41. b3 Bb5 42. Kh2 d3 43. Qe3 Nf4 44. g3 Ne6 45. Kh3 Bd7 46. Kh4 Rc1 47. Kh3 f6 48. Kg2 Nc5 49. Qh6 Kf7 50. Kf2 Rc3 51. f4 exf4 52. gxf4 Nxb3 53. Qh7+ 1-0

[Event "Toronto Closed"]
[Site "Toronto CAN"]
[Date "1997.02.08"]
[Round "8"]
[White "Livshits, Ron"]
[Black "Ochkoos, Jura"]
[Result "0-1"]
[WhiteElo "2490"]
[BlackElo "2329"]
[PlyCount "106"]
[GameId "2160767911999533"]
[EventDate "1997.01.15"]
[EventType "tourn"]
[EventRounds "11"]
[EventCountry "CAN"]
[SourceTitle "EXT 97"]
[Source "ChessBase"]
[SourceDate "1997.11.17"]
[SourceVersion "1"]
[SourceVersionDate "1997.11.17"]
[SourceQuality "1"]

1. d4 d5 2. c4 dxc4 3. Nf3 c6 4. e3 b5 5. a4 e6 6. b3 Bb4+ 7. Bd2 Bxd2+ 8. Qxd2 a5 9. bxc4 b4 10. c5 Nf6 11. Qc2 O-O 12. Nbd2 h6 13. Bd3 Nbd7 14. O-O Qc7 15. Nc4 Ba6 16. Nd6 Bxd3 17. Qxd3 Rfb8 18. Qb3 Ne8 19. Nc4 Rd8 20. Rfe1 Ndf6 21. e4 Rab8 22. Rad1 Nd7 23. e5 Qa7 24. Nfd2 Nc7 25. Nd6 Nd5 26. N2e4 Nf8 27. Rd3 Ng6 28. g3 Nge7 29. Rf3 Rf8 30. Rd3 Qa6 31. Rf3 Qa7 32. Kg2 Qa6 33. h4 Qa7 34. Nd2 Nc3 35. h5 Ned5 36. Rh1 Qe7 37. Rh4 f5 38. exf6 Rxf6 39. N6e4 Rff8 40. Rxf8+ Rxf8 41. Nf3 Nxe4 42. Rxe4 Qf7 43. Re5 Nc3 44. Re3 Nd5 45. Re5 Nc3 46. Re3 Qf5 47. Qxe6+ Qxe6 48. Rxe6 b3 49. Nd2 b2 50. Rxc6 Ne4 51. Nb1 Rxf2+ 52. Kh3 Rf1 53. Na3 Ra1 0-1

[Event "Toronto Closed"]
[Site "Toronto CAN"]
[Date "1997.02.08"]
[Round "8"]
[White "McGarrett, Ian"]
[Black "Williams, Paul"]
[Result "0-1"]
[WhiteElo "2224"]
[BlackElo "2229"]
[PlyCount "72"]
[GameId "2160767911999534"]
[EventDate "1997.01.15"]
[EventType "tourn"]
[EventRounds "11"]
[EventCountry "CAN"]
[SourceTitle "EXT 97"]
[Source "ChessBase"]
[SourceDate "1997.11.17"]
[SourceVersion "1"]
[SourceVersionDate "1997.11.17"]
[SourceQuality "1"]

1. Nf3 c5 2. g3 g6 3. Bg2 Bg7 4. c4 Nc6 5. Nc3 d6 6. O-O e5 7. d3 Nge7 8. a3 a5 9. Rb1 O-O 10. e3 h6 11. Nb5 Be6 12. b3 d5 13. Qc2 b6 14. Bb2 Rc8 15. Rbd1 Qd7 16. Rfe1 Bg4 17. Rd2 Rfd8 18. Bc3 d4 19. exd4 exd4 20. Bb2 g5 21. Kh1 Ng6 22. Ng1 Re8 23. Rxe8+ Rxe8 24. h3 Bf5 25. Kh2 h5 26. Re2 Nce5 27. Be4 Bxe4 28. Rxe4 f5 29. Re2 h4 30. Bc1 hxg3+ 31. fxg3 Bh6 32. Bd2 Nf3+ 33. Kg2 Nxg1 34. Rxe8+ Qxe8 35. Kxg1 Qe2 36. a4 Ne5 0-1

[Event "Toronto Closed"]
[Site "Toronto CAN"]
[Date "1997.02.08"]
[Round "8"]
[White "Zugic, Igor"]
[Black "Frilles, Ruperto"]
[Result "1-0"]
[WhiteElo "2286"]
[BlackElo "2224"]
[PlyCount "63"]
[GameId "2160767911999535"]
[EventDate "1997.01.15"]
[EventType "tourn"]
[EventRounds "11"]
[EventCountry "CAN"]
[SourceTitle "EXT 97"]
[Source "ChessBase"]
[SourceDate "1997.11.17"]
[SourceVersion "1"]
[SourceVersionDate "1997.11.17"]
[SourceQuality "1"]

1. d4 g6 2. Nf3 Bg7 3. g3 Nf6 4. Bg2 d5 5. O-O O-O 6. b3 c6 7. Bb2 Bf5 8. Nbd2 Qc8 9. Re1 Ne4 10. c4 Bh3 11. Bh1 f5 12. Rc1 f4 13. cxd5 Nxf2 14. Kxf2 fxg3+ 15. hxg3 g5 16. Bg2 g4 17. Bxh3 gxh3 18. Rh1 Qg4 19. Nf1 cxd5 20. Ne3 Qe6 21. Qf1 Nc6 22. Qxh3 Qe4 23. Qg4 Nb4 24. Rh4 Nxa2 25. Rc7 Nb4 26. Qxe4 dxe4 27. Rxe4 Bf6 28. Ba3 Nc6 29. d5 Ne5 30. Bxe7 Bxe7 31. Rxe7 Ng6 32. Rxb7 1-0